[Event "RUS-chT 05th"]
[Site "Maikop"]
[Date "1998.06.06"]
[Round "4"]
[White "Glyanets, Alexander R"]
[Black "Bratchenko, Alexander"]
[Result "0-1"]
[WhiteElo "2455"]
[BlackElo "2355"]
[PlyCount "66"]
[EventDate "1998.06.03"]
[EventType "team-tourn"]
[EventRounds "11"]
[EventCountry "RUS"]
[SourceTitle "EXT 2020"]
[Source "ChessBase"]
[SourceDate "2019.10.17"]
[SourceVersion "1"]
[SourceVersionDate "2019.10.17"]
[SourceQuality "1"]
[WhiteTeam "Ekaterinburg Agat"]
[BlackTeam "Cherepovets Severstal"]
[WhiteTeamCountry "RUS"]
[BlackTeamCountry "RUS"]

1. d4 Nf6 2. c4 c5 3. d5 d6 4. Nc3 g6 5. e4 Bg7 6. Bd3 0-0 7. Nge2 e6 8. 0-0 a6 9. a4 exd5 10. cxd5 Nbd7 11. Ng3 Rb8 12. h3 Ne8 13. Kh1 Nc7 14. f4 b5 15. Qf3 c4 16. Be2 Nc5 17. axb5 axb5 18. Be3 b4 19. Na4 Nxa4 20. Rxa4 Bd7 21. Raa1 Bb5 22. Rab1 c3 23. bxc3 bxc3 24. Bxb5 Nxb5 25. f5 Be5 26. Ne2 c2 27. Rb3 Qc7 28. Nc1 Nd4 29. Bxd4 Bxd4 30. Qd3 Be5 31. f6 Rxb3 32. Qxb3 Rc8 33. Rf2 Qc3 0-1

[Event "RUS-Cup5"]
[Site "Ekaterinburg"]
[Date "1997.??.??"]
[Round "8"]
[White "Glyanets, Alexander R"]
[Black "Tunik, Gennady"]
[Result "1-0"]
[WhiteElo "2405"]
[BlackElo "2460"]
[PlyCount "113"]
[EventDate "1997.02.13"]
[EventType "swiss"]
[EventRounds "9"]
[EventCountry "RUS"]
[SourceTitle "CBM 057 Extra"]
[Source "ChessBase"]
[SourceDate "1997.05.01"]
[SourceVersion "1"]
[SourceVersionDate "1997.05.01"]
[SourceQuality "1"]

1. d4 Nf6 2. c4 e6 3. Nc3 Bb4 4. e3 c5 5. Bd3 Nc6 6. Nf3 Bxc3+ 7. bxc3 d6 8. e4 e5 9. d5 Ne7 10. 0-0 h6 11. Ne1 g5 12. Nc2 Kf8 13. Ne3 Kg7 14. Rb1 b6 15. f3 Qg8 16. a4 Bd7 17. a5 bxa5 18. Ra1 a4 19. Bc2 a5 20. Bxa4 Bxa4 21. Rxa4 Nd7 22. Ra1 Qc8 23. Rf2 Qc7 24. Rfa2 Nf6 25. Qe1 Rhg8 26. Nc2 Kh7 27. Rb2 Nh5 28. Rab1 Rab8 29. Rb5 Nf4 30. Qf1 f5 31. g3 Rxb5 32. cxb5 Nfg6 33. Qh3 Nf8 34. b6 Qb7 35. Ne3 f4 36. Nc4 Qa6 37. Qf1 Nfg6 38. Nxd6 Qa8 39. Qh3 a4 40. Ba3 Qa5 41. Nf5 Nxf5 42. exf5 Nh8 43. f6 Qxc3 44. Qf5+ Ng6 45. b7 Qe3+ 46. Kg2 Qe2+ 47. Kh3 Qxf3 48. Qg4 Qf2 49. b8Q Rxb8 50. Qd7+ Ne7 51. Qxe7+ Kg6 52. Qg7+ Kf5 53. Qh7+ Kxf6 54. Qxh6+ Kf5 55. Qe6+ Ke4 56. Qg6+ Kxd5 57. Qd3+ 1-0

[Event "RUS-Cup5"]
[Site "Ekaterinburg"]
[Date "1997.??.??"]
[Round "9"]
[White "Lastin, Alexander"]
[Black "Glyanets, Alexander R"]
[Result "1/2-1/2"]
[WhiteElo "2535"]
[BlackElo "2405"]
[PlyCount "80"]
[EventDate "1997.02.13"]
[EventType "swiss"]
[EventRounds "9"]
[EventCountry "RUS"]
[SourceTitle "CBM 057 Extra"]
[Source "ChessBase"]
[SourceDate "1997.05.01"]
[SourceVersion "1"]
[SourceVersionDate "1997.05.01"]
[SourceQuality "1"]

1. e4 g6 2. d4 Bg7 3. Nf3 d6 4. Nc3 Nf6 5. Be2 0-0 6. 0-0 c6 7. Re1 Qc7 8. Bf4 Nh5 9. Bg5 e5 10. Qd2 Re8 11. Rad1 b5 12. h3 Nf6 13. dxe5 dxe5 14. Qe3 Nbd7 15. Nh2 Nf8 16. Qf3 Nh5 17. Ng4 Bxg4 18. Qxg4 Ne6 19. Be3 Nd4 20. Rd2 Rad8 21. Bf1 Rd6 22. Nb1 Red8 23. c3 Nf6 24. Qd1 Ne6 25. Rxd6 Rxd6 26. Qc2 Bf8 27. Nd2 Rd8 28. a4 a6 29. axb5 cxb5 30. Nb3 Qc6 31. Bc1 Nc5 32. Nxc5 Bxc5 33. Qe2 Kg7 34. Qf3 Rd6 35. Qg3 Re6 36. Qh4 Nh5 37. Be3 Be7 38. Qg4 Nf6 39. Qh4 Nh5 40. Qg4 Nf6 1/2-1/2

[Event "Swidnica op rap"]
[Site "Swidnica"]
[Date "1997.??.??"]
[Round "7"]
[White "Sulskis, Sarunas"]
[Black "Glyanets, Alexander R"]
[Result "1-0"]
[WhiteElo "2525"]
[BlackElo "2405"]
[PlyCount "95"]
[EventDate "1997.??.??"]
[EventType "swiss (rapid)"]
[EventRounds "9"]
[EventCountry "POL"]
[SourceTitle "EXT 2000"]
[Source "ChessBase"]
[SourceDate "1999.11.16"]
[SourceVersion "1"]
[SourceVersionDate "1999.11.16"]
[SourceQuality "1"]

1. e4 g6 2. d4 Bg7 3. c3 d6 4. Nf3 Nf6 5. Nbd2 0-0 6. Be2 Nc6 7. 0-0 Re8 8. Bb5 Bd7 9. e5 dxe5 10. Bxc6 Bxc6 11. Nxe5 Bd5 12. Re1 Nd7 13. Nf1 Nxe5 14. dxe5 Bc6 15. Bf4 Qd5 16. Qxd5 Bxd5 17. h4 Red8 18. f3 Be6 19. Kf2 Rd5 20. Re2 Rad8 21. Rae1 c6 22. a3 Rb5 23. b4 Rbd5 24. g4 Rd3 25. Re3 Kf8 26. Ng3 Rxe3 27. Rxe3 Rd1 28. Ne4 Bd5 29. Nc5 Rd2+ 30. Ke1 Ra2 31. c4 Bxc4 32. Nxb7 Ke8 33. Nc5 Kd8 34. Ne4 Bd5 35. Nd2 Kc8 36. Rc3 Kd7 37. Nb3 f6 38. Nc5+ Ke8 39. e6 f5 40. Rd3 Bb2 41. gxf5 Bxa3 42. Na6 Kd8 43. Bc7+ Ke8 44. Bf4 gxf5 45. Nc7+ Kd8 46. Nxd5 cxd5 47. Rxd5+ Kc8 48. Rb5 1-0

[Event "RUS-Cup5"]
[Site "Ekaterinburg"]
[Date "1997.??.??"]
[Round "3"]
[White "Varavin, Viktor"]
[Black "Glyanets, Alexander R"]
[Result "0-1"]
[WhiteElo "2505"]
[BlackElo "2405"]
[PlyCount "112"]
[EventDate "1997.02.13"]
[EventType "swiss"]
[EventRounds "9"]
[EventCountry "RUS"]
[SourceTitle "CBM 057 Extra"]
[Source "ChessBase"]
[SourceDate "1997.05.01"]
[SourceVersion "1"]
[SourceVersionDate "1997.05.01"]
[SourceQuality "1"]

1. e4 g6 2. d4 Bg7 3. Nc3 d6 4. Be3 c6 5. Qd2 b5 6. h4 Nf6 7. f3 h5 8. a3 Nbd7 9. Nh3 Nb6 10. b3 Bxh3 11. Rxh3 a6 12. Be2 Qc7 13. a4 b4 14. Nd1 c5 15. Kf1 0-0 16. Nf2 cxd4 17. Bxd4 a5 18. g4 Nbd7 19. Rc1 Qb7 20. gxh5 Nxh5 21. Bxg7 Kxg7 22. f4 Rh8 23. Rd1 Rad8 24. c3 bxc3 25. Qxc3+ f6 26. Qf3 Rc8 27. Bc4 Nc5 28. Rd5 e5 29. fxe5 dxe5 30. Qe3 Qe7 31. Rh2 Nf4 32. Rd2 Rhd8 33. Nh3 Nxh3 34. Rxd8 Qxd8 35. Rxh3 Qd1+ 36. Kf2 Qc2+ 37. Kg1 Nxe4 38. h5 Qd1+ 39. Kg2 Qg4+ 40. Kh2 g5 41. h6+ Kh8 42. Qa7 Qf4+ 43. Kg2 Qd2+ 44. Kf3 Qd1+ 45. Kg2 Qc2+ 46. Kg1 Qc1+ 47. Kg2 Qd2+ 48. Kf3 g4+ 49. Kxe4 Qg2+ 50. Kf5 gxh3 51. Kxf6 h2 52. Bd5 Rf8+ 53. Kxe5 Qg5+ 54. Kd6 Qxh6+ 55. Kc7 Qg7+ 56. Kb6 Rf6+ 0-1

[Event "RUS-ch sf"]
[Site "Kazan"]
[Date "1995.??.??"]
[Round "7"]
[White "Glyanets, Alexander R"]
[Black "Motylev, Alexander"]
[Result "1/2-1/2"]
[WhiteElo "2385"]
[BlackElo "2285"]
[PlyCount "64"]
[EventDate "1995.??.??"]
[EventType "swiss"]
[EventRounds "9"]
[EventCountry "RUS"]
[SourceTitle "CBM 049 Extra"]
[Source "ChessBase"]
[SourceDate "1996.01.01"]
[SourceVersion "1"]
[SourceVersionDate "1996.01.01"]
[SourceQuality "1"]

1. d4 Nf6 2. c4 g6 3. Nc3 Bg7 4. e4 d6 5. Bd3 0-0 6. Nge2 e5 7. d5 a5 8. f3 Na6 9. Bg5 c6 10. Qd2 Qe8 11. g4 Nc5 12. Bc2 cxd5 13. cxd5 b5 14. Ng3 b4 15. Nce2 Qb5 16. 0-0 Ba6 17. Rfd1 Rfc8 18. Nc1 Rc7 19. Nd3 Rac8 20. Rac1 Nfd7 21. Be3 Bf6 22. b3 Nxd3 23. Bxd3 Qxd3 24. Qxd3 Bxd3 25. Rxc7 Rxc7 26. Rxd3 Rc2 27. Rd2 Rc3 28. Kf2 Nc5 29. Ke2 Bd8 30. Nf1 a4 31. Bxc5 dxc5 32. Rd3 Rc2+ 1/2-1/2

[Event "RUS-ch sf"]
[Site "Kazan"]
[Date "1995.??.??"]
[Round "5"]
[White "Glyanets, Alexander R"]
[Black "Murzin, Lenar"]
[Result "1-0"]
[WhiteElo "2385"]
[BlackElo "2265"]
[PlyCount "57"]
[EventDate "1995.??.??"]
[EventType "swiss"]
[EventRounds "9"]
[EventCountry "RUS"]
[SourceTitle "CBM 049 Extra"]
[Source "ChessBase"]
[SourceDate "1996.01.01"]
[SourceVersion "1"]
[SourceVersionDate "1996.01.01"]
[SourceQuality "1"]

1. d4 Nf6 2. c4 e6 3. Nc3 Bb4 4. e3 0-0 5. Bd3 c5 6. Nf3 d5 7. 0-0 Nc6 8. a3 Bxc3 9. bxc3 dxc4 10. Bxc4 Qc7 11. Ba2 e5 12. h3 e4 13. Nh2 Bf5 14. Ng4 Bxg4 15. hxg4 h6 16. a4 Rad8 17. f4 exf3 18. Qxf3 Qd7 19. Ba3 b6 20. dxc5 Nxg4 21. cxb6 Nce5 22. Qg3 Rfe8 23. Bc5 Qc6 24. Bd4 axb6 25. Rxf7 Nxf7 26. Qxg4 Rxd4 27. cxd4 Qc3 28. Bxf7+ Kxf7 29. Qd7+ 1-0

[Event "RUS-chT2"]
[Site "Podolsk"]
[Date "1993.??.??"]
[Round "?"]
[White "Glyanets, Alexander R"]
[Black "Voitsekhovsky, Stanislav"]
[Result "1-0"]
[WhiteElo "2385"]
[BlackElo "2370"]
[PlyCount "119"]
[EventDate "1993.??.??"]
[EventType "team"]
[EventRounds "9"]
[EventCountry "RUS"]
[SourceTitle "EXT 1998"]
[Source "ChessBase"]
[SourceDate "1997.11.17"]
[SourceVersion "1"]
[SourceVersionDate "1997.11.17"]
[SourceQuality "1"]

1. d4 Nf6 2. c4 g6 3. Nc3 Bg7 4. e4 d6 5. Bd3 0-0 6. Nge2 e5 7. d5 Nbd7 8. 0-0 Nc5 9. Bc2 a5 10. f3 Ne8 11. a3 f5 12. Rb1 f4 13. b4 axb4 14. axb4 Nd7 15. Ba4 g5 16. g4 h5 17. h3 Ndf6 18. Bd2 hxg4 19. hxg4 c6 20. dxc6 bxc6 21. Be1 Be6 22. c5 Rc8 23. Bb3 d5 24. b5 Qe7 25. exd5 cxd5 26. c6 d4 27. Na4 Nd6 28. Bb4 Kh8 29. Re1 Nxg4 30. Bxe6 Ne3 31. Qb3 g4 32. Nxd4 Qh4 33. Rb2 Qg3+ 34. Kh1 exd4 35. Rh2+ Bh6 36. Bd5 Kg7 37. Rg1 Qxh2+ 38. Kxh2 g3+ 39. Rxg3+ fxg3+ 40. Kxg3 Bf4+ 41. Kf2 Rh8 42. Ke2 Nxb5 43. Kd3 Rh1 44. Bd2 Nd6 45. Qb4 Be5 46. Bxe3 dxe3 47. Qg4+ Kh8 48. f4 e2 49. Kxe2 Rh2+ 50. Kd3 Bg7 51. Nb6 Rf8 52. c7 Rh6 53. Nc4 Nc8 54. Be6 Ne7 55. Nd6 Rhf6 56. f5 Bh6 57. Ne4 Nc6 58. Qh4 Ne5+ 59. Ke2 Nf3 60. Qxf6+ 1-0

[Event "URS-ch Club"]
[Site "Pavlodar"]
[Date "1991.??.??"]
[Round "?"]
[White "Nikolenko, Oleg"]
[Black "Glyanets, Alexander R"]
[Result "0-1"]
[WhiteElo "2450"]
[BlackElo "2380"]
[PlyCount "120"]
[EventDate "1991.??.??"]
[EventType "swiss"]
[EventRounds "9"]
[EventCountry "URS"]
[SourceTitle "EXT 1997"]
[Source "ChessBase"]
[SourceDate "1996.11.15"]
[SourceVersion "1"]
[SourceVersionDate "1996.11.15"]
[SourceQuality "1"]

1. e4 g6 2. d4 Bg7 3. Nf3 d6 4. Be2 Nf6 5. Nc3 0-0 6. 0-0 c6 7. a4 Qc7 8. a5 Nbd7 9. Be3 Rb8 10. h3 b5 11. axb6 axb6 12. d5 Nc5 13. Nd4 Bd7 14. Bf3 cxd5 15. Nxd5 Nxd5 16. exd5 Na4 17. Ra2 b5 18. Qd2 Rfc8 19. Rfa1 Qd8 20. Re1 Rc7 21. Bg5 Be8 22. Bh6 Bf6 23. Bg5 Bxd4 24. Qxd4 f6 25. Bd2 Rxc2 26. Bd1 Rc5 27. b3 Nb6 28. Ba5 Bf7 29. Bf3 Rb7 30. Rae2 Kf8 31. Kh2 Rc8 32. h4 Ra8 33. b4 Ra6 34. Rc2 Qa8 35. Bxb6 Raxb6 36. Bg4 Rb8 37. Rc7 Qxd5 38. Rexe7 Qxd4 39. Rxf7+ Ke8 40. Rg7 Qc4 41. Rxh7 Qxc7 42. Rxc7 R6b7 43. Rc6 Ke7 44. Bf3 Ke6 45. g4 Ra7 46. Rc3 Ra4 47. Re3+ Kd7 48. Be4 g5 49. Bf5+ Kc6 50. hxg5 fxg5 51. Be4+ d5 52. Rc3+ Kd6 53. Rd3 d4 54. Rb3 Rc8 55. Bd3 Rc3 56. Bxb5 Ra2 57. Rb1 Rxf2+ 58. Kg1 Rfc2 59. Bf1 d3 60. Rd1 Rc1 0-1

[Event "Russian Winter op"]
[Site "Moscow"]
[Date "1991.??.??"]
[Round "?"]
[White "Sandic, Vladeta"]
[Black "Glyanets, Alexander R"]
[Result "0-1"]
[WhiteElo "2365"]
[BlackElo "2380"]
[PlyCount "114"]
[EventDate "1991.??.??"]
[EventType "swiss"]
[EventRounds "9"]
[EventCountry "URS"]
[SourceTitle "TD"]
[Source "ChessBase"]
[SourceDate "1994.03.01"]
[SourceVersion "1"]
[SourceVersionDate "1994.03.01"]
[SourceQuality "1"]

1. d4 g6 2. c4 Bg7 3. e4 c5 4. Ne2 Qb6 5. dxc5 Qxc5 6. Nec3 Nc6 7. Be2 d6 8. 0-0 Nf6 9. Be3 Qe5 10. f3 0-0 11. Qd2 Nd7 12. Rd1 f5 13. exf5 gxf5 14. f4 Qf6 15. Na3 Nc5 16. Nab5 Ne6 17. Rab1 Qf7 18. Nd5 Bd7 19. Nbc7 Nxc7 20. Nxc7 Rad8 21. Bf3 Kh8 22. Qe2 Bc8 23. Bf2 Bh6 24. g3 a6 25. Bd5 Qg6 26. Ne6 Bxe6 27. Qxe6 Rf6 28. Qe3 Re8 29. Qf3 e5 30. Kh1 Rc8 31. Re1 Qg4 32. Qc3 Bg7 33. Bf3 Qh3 34. Bg2 Qh5 35. Bf3 Qh3 36. Bg2 Qh5 37. Qf3 Qxf3 38. Bxf3 e4 39. Be2 Re6 40. Red1 e3 41. Be1 Nd4 42. Bd3 e2 43. Rd2 Rce8 44. Kg2 Re3 45. Rc1 a5 46. Bb1 Nf3 47. Rdc2 b6 48. a3 a4 49. Ba2 Bf6 50. c5 dxc5 51. Bd5 Nd4 52. Rc3 R3e7 53. Rd3 Kg7 54. Kf2 Rd8 55. Bg2 Nb3 56. Rxd8 Nxc1 57. Bc6 Bd4+ 0-1

[Event "Bratislava Slovan op"]
[Site "Bratislava"]
[Date "1990.??.??"]
[Round "11"]
[White "Hudecek, Jan"]
[Black "Glyanets, Alexander R"]
[Result "0-1"]
[WhiteElo "2260"]
[BlackElo "2350"]
[PlyCount "82"]
[EventDate "1990.05.??"]
[EventType "swiss"]
[EventRounds "11"]
[EventCountry "CSR"]
[SourceTitle "EXT 2001"]
[Source "ChessBase"]
[SourceDate "2000.11.22"]
[SourceVersion "1"]
[SourceVersionDate "2000.11.22"]
[SourceQuality "1"]

1. d4 g6 2. Nf3 Bg7 3. g3 c5 4. d5 d6 5. c4 Nf6 6. Bg2 0-0 7. 0-0 Na6 8. Nc3 Nc7 9. a4 Rb8 10. h3 b6 11. e4 a6 12. Re1 Nd7 13. Qd3 Re8 14. Kh2 e5 15. dxe6 Nxe6 16. Qxd6 Nd4 17. Nxd4 Bxd4 18. Qf4 Ne5 19. Nd5 Re6 20. Rd1 Rb7 21. Rxd4 cxd4 22. b3 Nd3 23. Qd2 Nc5 24. Rb1 d3 25. Bb2 f6 26. Ba1 a5 27. f4 Rf7 28. e5 fxe5 29. fxe5 Qf8 30. Bd4 Rf5 31. Nf4 Re8 32. Bd5+ Ne6 33. Nxe6 Bxe6 34. Qxd3 Bxd5 35. cxd5 Rf3 36. Qe2 Qf5 37. Kg2 Rf8 38. Rd1 Qh5 39. Rd2 Qg5 40. g4 Qf4 41. Qe1 Rxb3 0-1

[Event "Bratislava Slovan op"]
[Site "Bratislava"]
[Date "1990.??.??"]
[Round "10"]
[White "Zvolanek, Libor"]
[Black "Glyanets, Alexander R"]
[Result "0-1"]
[WhiteElo "2260"]
[BlackElo "2350"]
[PlyCount "52"]
[EventDate "1990.05.??"]
[EventType "swiss"]
[EventRounds "11"]
[EventCountry "CSR"]
[SourceTitle "EXT 2001"]
[Source "ChessBase"]
[SourceDate "2000.11.22"]
[SourceVersion "1"]
[SourceVersionDate "2000.11.22"]
[SourceQuality "1"]

1. d4 Nf6 2. c4 c5 3. d5 e5 4. Nc3 d6 5. e4 Be7 6. Bd3 0-0 7. Nge2 Nh5 8. h4 Na6 9. Be3 Nc7 10. Qd2 Rb8 11. 0-0-0 b5 12. Rdg1 bxc4 13. Bxc4 Ba6 14. Bxa6 Nxa6 15. g4 Nf4 16. Nxf4 exf4 17. Bxf4 c4 18. Be3 Nb4 19. Kd1 Bf6 20. g5 Bxc3 21. Qxc3 Nxa2 22. Qd4 Rb4 23. Qxa7 Rxb2 24. Bd4 c3 25. Ke1 Qe8 26. Kf1 Qxe4 0-1